Country Flags with Letters - Statistics

General Stats
  • This quiz has been taken 48 times
  • The average score is 10 of 13
Answer Stats
Picture Answer % Correct
Brazil
98%
Iraq
93%
Saudi Arabia
93%
Spain
88%
Malta
76%
Dominican Republic
74%
Haiti
74%
San Marino
74%
Belize
69%
El Salvador
62%
Afghanistan
60%
Equatorial Guinea
55%
Guatemala
50%
No matching quizzes found
Score Distribution
Percent of People with Each Score
Percentile by Number Answered
Your Score History
You have not taken this quiz